Guess the Taylor Swift Song by Lyric - Statistics

General Stats
  • This quiz has been taken 81 times
  • The average score is 12 of 16
Answer Stats
Hint Answer % Correct
“And I scream for whatever it’s worth/“I love you” ain’t that the worst thing you ever heard?” Cruel Summer
90%
“But you’re just so cool, run your hands through your hair/Absentmindedly making me want you” Fearless
89%
“And there we are again when nobody had to know/You kept me like a secret, but I kept you like an oath” All Too Well
86%
“Carve your name into my bedpost/I don’t want you like a best friend” Dress
82%
“I miss screaming and fighting and kissing in the rain/And it’s 2am and I’m cursing your name” The Way I Loved You
81%
“I knew I’d curse you for the longest time/Chasing shadows in the grocery line” Cardigan
79%
“They’re burning all the witches, even if you aren’t one” I Did Something Bad
78%
“I’m only cryptic and Machiavellian ‘cause I care” Mastermind
77%
“Remembering him comes in flashbacks and echoes/Tell myself it’s time now, gotta let go” Red
75%
"Spiderboy, king of thieves / Weave your little webs of opacity" Karma
74%
“They told me all of my cages were mental/So I got wasted like all my potential” This Is Me Trying
74%
“And I could see you being my addiction/You can see me as a secret mission” I Can See You
68%
"It only hurts this much right now / Was what I was thinking the whole time / Breathe in, breathe through, breathe deep, breathe out / I'll be getting over you my whole life" Labyrinth
60%
“But if the story is over/Why am I still writing pages?” Death By A Thousand Cuts
59%
“Bet I could still melt your world/Argumentative, antithetical dream girl” Hits Different
52%
“And I lived in your chess game/ But you changed the rules every day” Dear John
51%
No matching quizzes found
Score Distribution
Percent of People with Each Score
Percentile by Number Answered
Your Score History
You have not taken this quiz